Fast Typing- Eintracht Frankfurt×3 - Statistics

General Stats
  • This quiz has been taken 95 times
  • The average score is 42 of 54
Answer Stats
Answer % Correct
E
100%
I
98%
A
96%
N
96%
R
96%
T
96%
A
94%
C
94%
F
94%
F
94%
H
94%
K
94%
N
94%
R
94%
R
94%
T
94%
T
94%
U
94%
E
89%
I
89%
N
89%
R
85%
T
85%
A
77%
C
77%
F
74%
H
74%
R
74%
T
74%
A
72%
F
72%
K
72%
N
72%
R
72%
T
72%
U
72%
E
68%
I
68%
N
68%
T
66%
A
64%
C
64%
F
64%
H
64%
R
64%
T
64%
R
60%
A
58%
F
57%
K
57%
N
57%
U
57%
R
53%
T
49%
No matching quizzes found
Score Distribution
Percent of People with Each Score
Percentile by Number Answered
Your Score History
You have not taken this quiz